| 000 | 00412nam a2200157Ia 4500 | ||
|---|---|---|---|
| 008 | 150201s2008 xx 000 0 und d | ||
| 082 |
_a511 _bHOR |
||
| 100 | _aHorowitz,Ellis | ||
| 245 | _aFundamentals of computer algorithms | ||
| 250 | _a2nd . Ed. | ||
| 260 |
_bUniversity Press India Pvt. Ltd. _aHayderabad _c2008 |
||
| 300 | _a773p. | ||
| 700 | _aRajasekaran,S | ||
| 700 | _aSahni,Sartaj | ||
| 942 |
_2ddc _cBK |
||
| 999 |
_c5777 _d5777 |
||